000 00481nam a22001457a 4500
005 20260417100646.0
008 260417b |||||||| |||| 00| 0 eng d
050 _aTHE SB 203 .B37 2018
_bC. 1
100 _aBARARE, MARTIN
245 _aINLUENCE OF SELECTED SOCIOECONOMIC FACTORS ON PRODUCTION OF LEGUMES AMONG SMALLHOLDER FARMERS IN KISII AND MIGORI COUNTY, KENYA
260 _aKISII
_bKSU
_c2018
300 _aXV, 97P.,ILL:
500 _aINCLUDES REFERENCES
942 _2lcc
_cREF
999 _c216993
_d216993